Missing Word: Greatest Artists (A-Z) Quiz Stats

 Plays Quiz Updated Feb 25, 2018

Challenge
Share
Tweet
Embed
Score 0/22 Timer 03:00
0 Plays Today
Artist Missing Word % Correct
Beastie ____Boys
98.7%
____ Inch NailsNine
97.2%
Simon & _________Garfunkel
95.9%
Janis ______Joplin
95.3%
____ TurnerTina
95.2%
_____ BerryChuck
93.9%
______ EnemyPublic
93.6%
Neil _____Young
92.2%
The Velvet ___________Underground
88.3%
____ DominoFats
87.9%
Muddy ______Waters
87.1%
Artist Missing Word % Correct
Frank _____Zappa
86.6%
Roy _______Orbison
86.2%
____ WilliamsHank
83.1%
Sly & The Family _____Stone
81.8%
______ SkynyrdLynyrd
80.5%
The ______ Brothers BandAllman
78.8%
The ______ BrothersEverly
77.8%
Bo _______Diddley
72.3%
Curtis ________Mayfield
59.1%
Martha and The _________Vandellas
58.1%
____ MusicRoxy
51%

Today's Daily Dose

You're not logged in!

Compare scores with friends on all Sporcle quizzes.
OR
Log In

You Might Also Like...

Show Comments

Extras

Top Quizzes Today


Score Distribution

Your Account Isn't Verified!

In order to create a playlist on Sporcle, you need to verify the email address you used during registration. Go to your Sporcle Settings to finish the process.

Report this User

Report this user for behavior that violates our Community Guidelines.

Details: